| 000 | 00463nam a2200181Ia 4500 | ||
|---|---|---|---|
| 005 | 20240823060813.0 | ||
| 008 | 240823s9999||||xx |||||||||||||| ||und|| | ||
| 041 | _aENGLISH | ||
| 082 | _A005.12 P7 | ||
| 100 | _aBalagurusamy .E | ||
| 245 | 0 | _aObject Oriented Programming C++ | |
| 250 | _a3rd | ||
| 260 |
_c2007 _bTata Mcgraw Hill Education Pvt |
||
| 500 | _aTRANSFERED | ||
| 650 |
_aC++ Programming _bComputer Applications |
||
| 942 | _cBK | ||
| 999 |
_c232007 _d232007 |
||